000 00405nam a2200145Ia 4500
005 20260127120657.0
022 _a2695-1924
050 _aQA75.5 .I58/
245 0 _aInternational journal of Computer Science & Mathematical Theory
250 _aVol. 11, No. 5
260 _c2025
300 _a110 p. :ill. ; 30 cm.
650 _aComputer science--Periodicals Mathematics--Periodicals
942 _cSR
_2lcc
999 _c44059
_d44059